<?xml version="1.0" encoding="UTF-8"?>
<collection xmlns="http://www.loc.gov/MARC21/slim">
 <record>
  <leader>00472pamaa2200145   4500</leader>
  <controlfield tag="001">0000031175</controlfield>
  <controlfield tag="005">20130314090000.0</controlfield>
  <datafield tag="020" ind1="0" ind2="0">
   <subfield code="a">9676555428 </subfield>
  </datafield>
  <datafield tag="082" ind1=" " ind2=" ">
   <subfield code="a">499.23321 HAW 2000</subfield>
  </datafield>
  <datafield tag="090" ind1="0" ind2="0">
   <subfield code="a">PL1455 </subfield>
   <subfield code="b">HAW 2000</subfield>
  </datafield>
  <datafield tag="100" ind1="1" ind2="0">
   <subfield code="a">Hawkins </subfield>
  </datafield>
  <datafield tag="245" ind1="1" ind2="0">
   <subfield code="a">Kamus Tribahasa Oxford Fajar : </subfield>
   <subfield code="b">Inggeris-Melayu-Cina and Melayu-Inggeris-Cina  </subfield>
   <subfield code="c">J.M.Hawkins.</subfield>
  </datafield>
  <datafield tag="260" ind1="0" ind2="0">
   <subfield code="a">Shah Alam: </subfield>
   <subfield code="b">Fajar Bakti, </subfield>
   <subfield code="c">2000.</subfield>
  </datafield>
  <datafield tag="300" ind1=" " ind2=" ">
   <subfield code="a">xi, 346p.; </subfield>
   <subfield code="c">19cm.</subfield>
  </datafield>
  <datafield tag="650" ind1="0" ind2="0">
   <subfield code="a">Malay language -- </subfield>
   <subfield code="x">Dictionaries -- </subfield>
   <subfield code="x">English -- </subfield>
   <subfield code="x">Chinese </subfield>
  </datafield>
 </record>
</collection>
